01268nam a2200301Ia 4500001001200000003000800012006001900020007001500039008004100054020001500095040002100110035002000131050002400151245015100175260005900326300001100385490006500396533015200461650001800613650003000631655002900661700001900690700003200709710001700741830006500758856012600823999001700949ebr10067128CaPaEBRm u cr cn|||||||||011019s2004 enk s 000 0 eng d z0861769937 aCaPaEBRcCaPaEBR a(OCoLC)7074336114aHF5429b.E87 2004eb04aThe european clothing industryh[electronic resource] :bmeeting the competitive challenge /cGuest editors, Ian M. Taplin and Jonathan Winterton. aBradford, England :bEmerald Group Publishing,cc2004. a102 p.1 aJournal of Fashion Marketing and Management. No. 3 ;vVol. 8 aElectronic reproduction.bPalo Alto, Calif. :cebrary,d2009.nAvailable via World Wide Web.nAccess may be limited to ebrary affiliated libraries. 0aRetail trade. 0aManufacturing industries. 7aElectronic books.2local1 aTaplin, Ian M.1 aWinterton, Jonathan,d1951-2 aebrary, Inc. 0aJournal of Fashion Marketing and Management.nNo. 3 ;vv. 8.40uhttp://site.ebrary.com/lib/rucke/Doc?id=10067128zAn electronic book accessible through the World Wide Web; click to view c49490d49490